Advanced engineering mathematics

Guardado en:
Detalles Bibliográficos
Autor principal:  Kreyszig, Erwin
Formato: Sách
Lenguaje:Undetermined
Publicado:  John Wiley & Sons, Ins  2011
Materias:
Etiquetas: Agregar Etiqueta
Sin Etiquetas, Sea el primero en etiquetar este registro!
Thư viện lưu trữ: Trung tâm Thư viện - Trường Đại học Công nghiệp TP. Hồ Chí Minh
LEADER 00494nam a2200157Ia 4500
001 UIH_04536
008 231011s9999 xx 000 0 und d
082 |a  510.2462 
100 |a  Kreyszig, Erwin 
245 0 |a  Advanced engineering mathematics 
245 0 |c  Kreyszig, Erwin 
260 |b  John Wiley & Sons, Ins 
260 |c  2011 
650 |a  Toán học kỹ thuật;  
927 |a Sách 
980 |a Trung tâm Thư viện - Trường Đại học Công nghiệp TP. Hồ Chí Minh